000 00304nam a22001217a 4500
020 _a1572312165
082 _222
_a005.7
100 _aChappell, David.
245 _aUnderstanding active X and OLE /
260 _aUSA,
_bMicrosoft Press,
_cc1996.
300 _axiv, 328p. ;
_bill. ;
_c23 cm.
942 _2ddc
_cIT
999 _c1410
_d1410